000 00712nam a2200241 a 4500
001 000032238
003 OSt
005 20240412175950.0
008 110713s1947 dr 000 0 spa d
040 _aDO-SdBNP
_bspa
_cBNPHU
082 4 _a615.14
_bM766a
100 1 _aMontas, Argentina
_930572
245 1 3 _aEl arte de formular /
_cArgentina Montas.
260 _aCiudad Trujillo, República Dominicana :
_b[s.n.],
_c1947.
300 _a32 p. ;
_c21 cm.
590 _aInventariado, 2019/VM
650 4 _aMedicamentos
_96323
650 4 _aFarmacología
_96326
650 4 _aPrescripciones medicas
_976752
650 0 _aMedicamentos
_913950
910 _aValidado. Control de calidad MFF
942 _2ddc
_cLF1
999 _c31729
_d31729